Beatles Albums - Statistics

General Stats
  • This quiz has been taken 52 times
  • The average score is 12 of 13
Answer Stats
Year Released Album % Correct
1968 The Beatles (The White Album)
96%
1965 Help!
93%
1970 Let It Be
93%
1966 Revolver
93%
1969 Abbey Road
91%
1963 Please Please Me
91%
1969 Yellow Submarine
91%
1965 Rubber Soul
89%
1964 A Hard Day's Night
87%
1967 Sgt Pepper's Lonely Hearts Club Band
87%
1964 Beatles for Sale
83%
1963 With The Beatles
83%
1967 Magical Mystery Tour
80%
No matching quizzes found
Score Distribution
Percent of People with Each Score
Percentile by Number Answered
Your Score History
You have not taken this quiz